Dzielnice Nowego Jorku - Statystyki

Ogólne statystyki
  • Ten quiz został rozwiązany 170 razy
  • Średni wynik to 4 z 5
Statystyki odpowiedzi
Podpowiedź Odpowiedź % Poprawnych
M Manhattan
92%
B Brooklyn
88%
Q Queens
82%
B Bronx
77%
S Staten Island
34%
Nie znaleziono quizów pasujących do podanych kryteriów
Rozkład punktacji
Procent ludzi z każdym wynikiem
Percentyl według liczby udzielonych odpowiedzi
Twoja historia wyników
Nie rozwiązałeś tego quizu